| 000 | 01525cam a2200229 4500500 | ||
|---|---|---|---|
| 005 | 20260322002550.0 | ||
| 041 | _afre | ||
| 042 | _adc | ||
| 100 | 1 | 0 |
_aRevil, Hélèna _eauthor |
| 700 | 1 | 0 |
_aGand, Sébastien _eauthor |
| 245 | 0 | 0 | _aUnderstanding the needs of family caregivers and the bid for more effective action: A problematization through the prism of non-use |
| 260 | _c2023. | ||
| 500 | _a99 | ||
| 520 | _aThe French Federative Association of Psychiatry Students (AFFEP) formed a new associative board in October 2021. Various missions accompany this renewal, including the reform and construction of the psychiatry internship model, the continuation of the “Choisir psychiatrie” survey, the maintenance of our role as the national point of reference for psychiatry interns, commitment to our magazine Psy Déchaîné, and the creation of attractive digital content. This roadmap also reaffirms the values that we defend through these missions: federation, cooperation, representation, and diversity. Finally, the AFFEP will unveil this new team and enthusiastically invite you to join our organization. | ||
| 690 | _abesoins des proches aidants | ||
| 690 | _acomplexité | ||
| 690 | _anon-recours | ||
| 690 | _aproches aidants | ||
| 690 | _aterritorialisation des dispositifs pour les aidants | ||
| 786 | 0 | _nInformations sociales | o 208 | 4 | 2023-05-03 | p. 120-127 | 0046-9459 | |
| 856 | 4 | 1 | _uhttps://shs.cairn.info/journal-informations-sociales-2022-4-page-120?lang=en&redirect-ssocas=7080 |
| 999 |
_c1724557 _d1724557 |
||